000 00904nam a2200217Ia 4500
003 GCL
008 140319s9999 xx 000 0 ara d
040 _aGCL /
_cGCL
082 0 4 _a929.1
_bى م
100 1 _aياقوت الحموى: شهاب الدين ابوعبدالله ياقوت بن عبدالله الرومى البغدادى
245 1 0 _aالمقتضب من كتاب جمهرة النسب /
_cياقوت الحموى: شهاب الدين ابوعبدالله ياقوت بن عبدالله الرومى البغدادى
700 1 _aناجى حسن(تحقيق)
260 _aبيروت :
_bالدار العربية للموسوعات ،
_c1987
300 _a432 ص ؛
_c24 سم
490 _a
650 0 4 _aالانسان
650 0 4 _aالتاريخ الاسلامى
650 0 4 _aالانساب العربية
650 0 4 _aالانساب والاعراق
942 _2ddc
_cBK
999 _c29903
_d29903